[Event "Sao Paulo Carnaval op"]
[Site "Sao Paulo"]
[Date "2025.03.03"]
[Round "5"]
[White "Goncalves Junior, Klebert R Machado"]
[Black "Santos, Caua Lopes"]
[Result "1-0"]
[WhiteElo "1811"]
[BlackElo "1656"]
[PlyCount "101"]
[EventDate "2025.03.01"]
[EventType "swiss (rapid)"]
[EventRounds "6"]
[EventCountry "BRA"]
[SourceTitle "CB10_2025"]
[SourceDate "2025.03.05"]
[SourceVersion "1"]
[SourceVersionDate "2025.03.05"]
[SourceQuality "1"]

1. d4 Nf6 2. Bf4 g6 3. e3 Bg7 4. Nf3 d6 5. h3 0-0 6. Be2 Nbd7 7. 0-0 Re8 8. c3 c5 9. Bh2 Qb6 10. Qb3 Qc6 11. Bb5 Qc7 12. a4 b6 13. Nbd2 Bb7 14. Qa2 a6 15. Be2 Qc6 16. Ne1 d5 17. Nd3 e6 18. Nf3 Ne4 19. Nde5 Nxe5 20. Nxe5 Qc8 21. f3 Nf6 22. Bd3 Nd7 23. Nxd7 Qxd7 24. a5 c4 25. Bc2 b5 26. Rae1 e5 27. Qa1 Re6 28. f4 exf4 29. exf4 Rae8 30. Rxe6 Qxe6 31. f5 Qe3+ 32. Kh1 Bc8 33. fxg6 hxg6 34. Bf4 Qe2 35. Qc1 Qe7 36. Bg3 Qd8 37. Re1 Be6 38. b4 cxb3 39. Bxb3 Qd7 40. Qg5 Rc8 41. Re3 b4 42. cxb4 Bxd4 43. Rd3 Bc3 44. Be5 Bxe5 45. Qxe5 Rd8 46. Rd4 Kf8 47. Qf6 Qc7 48. Rh4 Qc1+ 49. Kh2 Qc7+ 50. g3 Ke8 51. Ba4+ 1-0

[Event "Sao Paulo Hebraica op 34th"]
[Site "Sao Paulo"]
[Date "2025.01.31"]
[Round "2"]
[White "Massarioli, Felipe Alvarenga"]
[Black "Santos, Caua Lopes"]
[Result "1-0"]
[WhiteElo "2040"]
[BlackElo "1678"]
[PlyCount "41"]
[EventDate "2025.01.31"]
[EventType "swiss"]
[EventRounds "6"]
[EventCountry "BRA"]
[SourceTitle "CB06_2025"]
[SourceDate "2025.02.05"]
[SourceVersion "1"]
[SourceVersionDate "2025.02.05"]
[SourceQuality "1"]

1. d4 Nf6 2. c4 g6 3. Nc3 Bg7 4. Nf3 d6 5. Bg5 Nbd7 6. e3 0-0 7. Bd3 b6 8. 0-0 Bb7 9. Qe2 Qe8 10. Nb5 Qd8 11. e4 c5 12. d5 Ng4 13. Nxd6 Bxd5 14. exd5 f6 15. Qe6+ Kh8 16. Qxg4 fxg5 17. Ne4 Bxb2 18. Rab1 Ne5 19. Nxe5 Bxe5 20. Nxg5 Rf4 21. Qxf4 1-0